[Event "Euro Online U2300 Day 1"]
[Site "chess.com INT"]
[Date "2020.05.25"]
[Round "6"]
[White "Franchuk, Serhiy"]
[Black "De Verdier, Michael"]
[Result "0-1"]
[BlackTitle "FM"]
[WhiteElo "2026"]
[BlackElo "2291"]
[WhiteFideId "14116740"]
[BlackFideId "1710516"]
[EventDate "2020.05.25"]

1. e4 c5 2. Nf3 e6 3. d4 cxd4 4. Nxd4 Nf6 5. Nc3 Nc6 6. Be2 Bb4 7. Nb5 Nxe4 8.
O-O Nxc3 9. bxc3 Be7 10. Nd6+ Bxd6 11. Qxd6 Qe7 12. Qg3 O-O 13. a4 d6 14. Bh6 f6
15. Rad1 e5 16. f4 Kh8 17. fxe5 gxh6 18. exd6 Qxe2 19. d7 Bxd7 20. Rxd7 Rg8 21.
Qf2 Qxf2+ 22. Rxf2 Rg7 23. Rd6 Rf8 24. Rdxf6 Rxf6 25. Rxf6 Kg8 26. Rxh6 Rd7 27.
Re6 Rd1+ 28. Kf2 Rd2+ 29. Kf3 Rxc2 30. Re8+ Kf7 31. Rc8 Rxc3+ 32. Kf4 Rc4+ 33.
Kg5 Rxa4 34. Rc7+ Ne7 35. Rxb7 Ra2 36. g4 Rxh2 37. Rxa7 h6+ 38. Kf4 Rc2 39. Ra6
Rc6 40. Ra4 Kg6 41. Re4 Nd5+ 42. Kf3 Rc3+ 43. Kf2 Nf6 44. Ra4 Kg5 45. Kg2 Nxg4
46. Ra5+ Kh4 47. Ra2 Rg3+ 48. Kh1 h5 49. Ra5 Rc3 50. Ra1 Kh3 51. Rb1 h4 52. Ra1
Re3 53. Rf1 Nf2+ 54. Kg1 Ne4 55. Ra1 Kg3 56. Kh1 Nf2+ 57. Kg1 h3 0-1

[Event "Euro Online U2300 Day 1"]
[Site "chess.com INT"]
[Date "2020.05.25"]
[Round "6"]
[White "Ptacnikova, Lenka"]
[Black "Nandrean, Dan"]
[Result "1-0"]
[WhiteTitle "WGM"]
[WhiteElo "2111"]
[BlackElo "2173"]
[WhiteFideId "305650"]
[BlackFideId "1212354"]
[EventDate "2020.05.25"]

1. c4 Nf6 2. g3 e6 3. Nf3 d6 4. Bg2 Nbd7 5. O-O c5 6. d4 cxd4 7. Nxd4 a6 8. Nc3
Qc7 9. Qa4 Rb8 10. Bg5 Be7 11. Rac1 O-O 12. b3 Re8 13. Rfd1 h6 14. Bd2 Ne5 15.
Ne4 Bd7 16. Nxf6+ Bxf6 17. Qa5 Qc5 18. Bb4 Qxa5 19. Bxa5 Be7 20. Nf3 Nxf3+ 21.
Bxf3 Bc6 22. Bxc6 bxc6 23. Bc7 Rbc8 24. Bxd6 Bf6 25. Rd3 Ra8 26. Rcd1 a5 27. e4
a4 28. e5 Bd8 29. b4 1-0

[Event "Euro Online U2300 Day 1"]
[Site "chess.com INT"]
[Date "2020.05.25"]
[Round "6"]
[White "Mirimanian, Hayk"]
[Black "Can, Melih Kaan"]
[Result "1-0"]
[WhiteTitle "FM"]
[WhiteElo "2268"]
[BlackElo "2105"]
[WhiteFideId "4700180"]
[BlackFideId "6317383"]
[EventDate "2020.05.25"]

1. e4 c5 2. Nf3 Nc6 3. Bb5 d6 4. O-O Bd7 5. c3 Nf6 6. Re1 a6 7. Bxc6 Bxc6 8. d4
e6 9. Bg5 Be7 10. d5 Bd7 11. e5 Nxd5 12. exd6 Bxg5 13. Qxd5 Bf6 14. Qxc5 O-O 15.
Nbd2 Rc8 16. Qb4 b5 17. Ne4 Rc4 18. Qa3 Qb6 19. Nfd2 Ra4 20. Qc5 Qb7 21. Nxf6+
gxf6 22. b4 f5 23. Nb3 f6 24. Qe3 Kf7 25. Nc5 Qc8 26. a3 Rg8 27. Qh6 Rg7 28. Re3
f4 29. Rd3 e5 30. Ne4 Qd8 31. Rd5 a5 32. Rc5 axb4 33. cxb4 Ra7 34. Rac1 Rxa3 35.
Rc7 Rd3 36. f3 Kf8 37. Nc5 Rxd6 38. Rxd7 Rxd7 39. Ne6+ Ke7 40. Nxd8 Kxd8 41.
Qxf6+ Rge7 42. Qf8+ Re8 43. Rc8+ Kxc8 44. Qxe8+ Rd8 1-0

[Event "Euro Online U2300 Day 1"]
[Site "chess.com INT"]
[Date "2020.05.25"]
[Round "6"]
[White "Tsaknakis, Zisis"]
[Black "Bivol, Alina"]
[Result "1-0"]
[BlackTitle "WGM"]
[WhiteElo "2217"]
[BlackElo "2386"]
[WhiteFideId "4259963"]
[BlackFideId "4100123"]
[EventDate "2020.05.25"]

1. d4 Nf6 2. c4 g6 3. g3 Bg7 4. Bg2 O-O 5. Nc3 d6 6. Nf3 Nbd7 7. O-O e5 8. h3
Re8 9. e4 exd4 10. Nxd4 Nc5 11. Re1 Bd7 12. b3 a5 13. Rb1 Qc8 14. Kh2 h5 15. Bg5
Nh7 16. Be3 Ne6 17. f4 Nxd4 18. Bxd4 Bh6 19. Qf3 c6 20. Na4 Ra6 21. Nb6 Qc7 22.
Nxd7 Qxd7 23. Rbd1 Qc7 24. e5 dxe5 25. Bxe5 Qc8 26. h4 Ra8 27. Bh3 f5 28. Rd6
Nf8 29. c5 Re6 30. Bf1 Rxd6 31. Bxd6 Bg7 32. Re7 Qd8 33. Bc4+ Kh8 34. Rxb7 a4
35. Qxc6 axb3 36. Bxb3 Qa5 37. Qd5 Nh7 38. Be5 Nf6 39. Rxg7 Nxd5 40. Ra7+ Kg8
41. Bxd5+ 1-0

[Event "Euro Online U2300 Day 1"]
[Site "chess.com INT"]
[Date "2020.05.25"]
[Round "6"]
[White "Risteski, Emil"]
[Black "Gorsek, Gregor"]
[Result "1-0"]
[WhiteElo "2159"]
[BlackElo "2088"]
[WhiteFideId "15005267"]
[BlackFideId "14605899"]
[EventDate "2020.05.25"]

1. e4 d6 2. d4 g6 3. Nc3 Bg7 4. g3 Nc6 5. Nge2 Bg4 6. Qd3 a6 7. Bg2 e5 8. d5
Bxe2 9. Nxe2 Nce7 10. O-O Nf6 11. f4 exf4 12. Bxf4 Nd7 13. c3 O-O 14. Qd2 Ne5
15. b3 Qd7 16. Nd4 c5 17. dxc6 bxc6 18. Bh6 c5 19. Bxg7 Kxg7 20. Ne2 a5 21. Rad1
Rad8 22. Qg5 Ng8 23. c4 h6 24. Qd2 Qc7 25. Nc3 Ne7 26. Nb5 Qb6 27. Nxd6 Nc8 28.
Qc3 f6 29. Nxc8 Rxc8 30. Rd5 Qb4 31. Qb2 Nxc4 32. Rd7+ Kh8 33. Qc1 1-0

[Event "Euro Online U2300 Day 1"]
[Site "chess.com INT"]
[Date "2020.05.25"]
[Round "6"]
[White "Frick, Christoph"]
[Black "Bogumil, Tatiana"]
[Result "1-0"]
[WhiteTitle "FM"]
[BlackTitle "WGM"]
[WhiteElo "2101"]
[BlackElo "2182"]
[WhiteFideId "4607090"]
[BlackFideId "4110579"]
[EventDate "2020.05.25"]

1. d4 Nf6 2. Bf4 c5 3. e3 b6 4. Qf3 Nc6 5. Nc3 Bb7 6. O-O-O Na5 7. d5 g6 8. e4
d6 9. Bb5+ Nd7 10. e5 a6 11. Bc6 dxe5 12. Bxe5 f6 13. Bg3 Bh6+ 14. Kb1 O-O 15.
h4 Rc8 16. Bxb7 Nxb7 17. h5 g5 18. d6 Nxd6 19. Bxd6 exd6 20. Qd5+ Rf7 21. Qxd6
Qe7 22. Nf3 Qxd6 23. Rxd6 Bf8 24. Rd5 b5 25. Ne4 c4 26. Rxd7 Rxd7 27. Nxf6+ Kf7
28. Nxd7 Be7 29. g4 Ke6 30. Nde5 Bf6 31. Re1 Kd5 32. c3 Re8 33. Rd1+ Ke4 34.
Rd4# 1-0

[Event "Euro Online U2300 Day 1"]
[Site "chess.com INT"]
[Date "2020.05.25"]
[Round "6"]
[White "Dudin, Gleb"]
[Black "Rabatin, Jakub"]
[Result "0-1"]
[WhiteTitle "FM"]
[BlackTitle "FM"]
[WhiteElo "2387"]
[BlackElo "2271"]
[WhiteFideId "34184934"]
[BlackFideId "329517"]
[EventDate "2020.05.25"]

1. d4 Nf6 2. c4 g6 3. Nc3 Bg7 4. e4 d6 5. Be2 O-O 6. Be3 Nbd7 7. h4 c5 8. d5 Qa5
9. Qd2 b5 10. cxb5 a6 11. bxa6 Bxa6 12. h5 Ne5 13. hxg6 fxg6 14. Bh6 Bxh6 15.
Qxh6 Rf7 16. Qd2 Rb8 17. Rb1 Bxe2 18. Ngxe2 Nc4 19. Qc2 Ng4 20. O-O Rbf8 21. Nd1
Qd2 22. Qxc4 Qh6 0-1

[Event "Euro Online U2300 Day 1"]
[Site "chess.com INT"]
[Date "2020.05.25"]
[Round "6"]
[White "Petrova, Irina"]
[Black "Lopez Varela, Pablo"]
[Result "1-0"]
[WhiteTitle "WIM"]
[WhiteElo "2087"]
[BlackElo "2177"]
[WhiteFideId "14124122"]
[BlackFideId "32092105"]
[EventDate "2020.05.25"]

1. d4 Nf6 2. Bg5 Ne4 3. Bf4 c5 4. f3 Qa5+ 5. c3 Nf6 6. Nd2 cxd4 7. Nb3 Qd8 8.
cxd4 e6 9. e4 Nc6 10. Ne2 d5 11. e5 Nd7 12. Nc3 Bb4 13. Be2 O-O 14. Qd3 a5 15.
O-O a4 16. Nd2 Nxd4 17. Kh1 Nc6 18. Qc2 a3 19. Nb5 axb2 20. Qxb2 Be7 21. Bg3 f6
22. f4 f5 23. Nb3 Nc5 24. Nxc5 Bxc5 25. Bf2 Bxf2 26. Rxf2 Qb6 27. Bf1 Ra4 28. a3
Na7 29. g3 Nxb5 30. Bxb5 Re4 31. Rc1 Rd8 32. Rfc2 Qe3 33. Rxc8 Qe1+ 34. Kg2 Rxc8
35. Rxc8+ Kf7 36. Be8+ 1-0

[Event "Euro Online U2300 Day 1"]
[Site "chess.com INT"]
[Date "2020.05.25"]
[Round "6"]
[White "Sevdimaliyev, Urfan"]
[Black "Kilic, Eray"]
[Result "1-0"]
[WhiteTitle "GM"]
[WhiteElo "2369"]
[BlackElo "2094"]
[WhiteFideId "13402463"]
[BlackFideId "44517173"]
[EventDate "2020.05.25"]

1. d4 Nf6 2. Nf3 g6 3. Bg5 d5 4. Nbd2 Bg7 5. e3 O-O 6. Bd3 c5 7. c3 Nc6 8. dxc5
e5 9. e4 h6 10. Bxf6 Bxf6 11. O-O Bg7 12. b4 dxe4 13. Nxe4 Be6 14. Qe2 Qe7 15.
Rad1 Rad8 16. Nd6 f5 17. Bc4 e4 18. Nd4 Nxd4 19. cxd4 Rxd6 20. cxd6 Qxd6 21.
Bxe6+ Qxe6 22. d5 Qd6 23. Qc4 Be5 24. h3 h5 25. Qc5 Qf6 26. d6 f4 27. Qd5+ Kh7
28. Qxe4 Bxd6 29. Qxb7+ Kh6 30. Qc6 Rd8 31. Rd3 Qe5 32. Rfd1 f3 33. Rxd6 Rxd6
34. Qxd6 Qe4 35. Qd2+ Kg7 36. Qe3 Qc2 37. Rd7+ Kf6 38. Qxf3+ Kg5 39. h4+ 1-0

[Event "Euro Online U2300 Day 1"]
[Site "chess.com INT"]
[Date "2020.05.25"]
[Round "6"]
[White "Lebedev, Mikhail S."]
[Black "Petriashvili, Nikoloz"]
[Result "1/2-1/2"]
[BlackTitle "IM"]
[WhiteElo "2131"]
[BlackElo "2423"]
[WhiteFideId "24130303"]
[BlackFideId "13611216"]
[EventDate "2020.05.25"]

1. e4 c6 2. d4 d5 3. Nc3 dxe4 4. Nxe4 Bf5 5. Ng3 Bg6 6. h4 h6 7. Nf3 Nf6 8. Ne5
Bh7 9. Be3 e6 10. Bd3 Bxd3 11. Qxd3 Nbd7 12. f4 Be7 13. O-O-O Nxe5 14. fxe5 Ng4
15. Ne4 Qa5 16. Kb1 O-O-O 17. Qe2 h5 18. Bg5 Qc7 19. Bxe7 Qxe7 20. Nd6+ Kb8 21.
c4 f6 22. c5 fxe5 23. dxe5 Rhf8 24. Rdf1 Rxf1+ 25. Rxf1 Rf8 26. Rf3 Rxf3 27.
gxf3 Nh6 28. Qe4 Nf5 29. Nxf5 exf5 30. Qxf5 Qxc5 31. a3 a5 32. Qxh5 Qg1+ 33. Ka2
Qd4 34. Qe8+ Ka7 35. Qe6 Qxh4 36. Qf7 Qd4 37. f4 a4 38. e6 Qd5+ 39. Ka1 Qd1+ 40.
Ka2 Qd5+ 41. Ka1 Qd1+ 42. Ka2 Qb3+ 43. Kb1 Qd1+ 44. Ka2 1/2-1/2

[Event "Euro Online U2300 Day 1"]
[Site "chess.com INT"]
[Date "2020.05.25"]
[Round "6"]
[White "Golovanj, Yaroslav"]
[Black "Aliyeva, Aygun"]
[Result "1-0"]
[BlackTitle "WFM"]
[WhiteElo "2013"]
[BlackElo "2170"]
[WhiteFideId "14113791"]
[BlackFideId "13400754"]
[EventDate "2020.05.25"]

1. e4 e6 2. d4 d5 3. Nd2 Nf6 4. e5 Nfd7 5. f4 g6 6. Ngf3 h5 7. Bd3 c5 8. c3 Nc6
9. O-O b6 10. Ng5 Ne7 11. Ndf3 Nf5 12. h3 h4 13. Bxf5 gxf5 14. Qe1 Be7 15. Nxh4
Ba6 16. Rf3 Nf8 17. g4 Bxg5 18. fxg5 Ng6 19. Nxg6 fxg6 20. gxf5 gxf5 21. Qg3 Kd7
22. dxc5 bxc5 23. Be3 Qe7 24. Qf2 Rag8 25. h4 Kc6 26. b4 cxb4 27. cxb4 Qxb4 28.
Rc1+ Bc4 29. Bd2 Qc5 30. Be3 Qa3 31. Rf4 Kd7 32. Rd4 Ke7 33. Rdxc4 dxc4 34. Bc5+
Kf7 35. Bxa3 1-0

[Event "Euro Online U2300 Day 1"]
[Site "chess.com INT"]
[Date "2020.05.25"]
[Round "6"]
[White "Protopopova, Anastasiya"]
[Black "Kopsa, Petri"]
[Result "1-0"]
[WhiteTitle "WFM"]
[WhiteElo "2192"]
[BlackElo "2048"]
[WhiteFideId "24172073"]
[BlackFideId "1706594"]
[EventDate "2020.05.25"]

1. d4 Nf6 2. c4 g6 3. Nc3 Bg7 4. e4 d6 5. Be2 O-O 6. Bg5 Nbd7 7. Qd2 c5 8. d5 b5
9. cxb5 a6 10. a4 axb5 11. Bxb5 Qa5 12. Nf3 Ba6 13. O-O Bxb5 14. axb5 Qxa1 15.
Rxa1 Rxa1+ 16. Ne1 h6 17. Be3 Ne5 18. Kf1 Nc4 19. Qe2 Nxe3+ 20. Qxe3 Ng4 21. Qg3
h5 22. h3 Ne5 23. Ke2 Nc4 24. b3 Nb6 25. Nc2 Rc1 26. Kd2 Bh6+ 27. f4 Rf1 28. Ne2
Ra8 29. Qh4 e6 30. dxe6 fxe6 31. Qf6 Kh7 32. Qf7+ Bg7 33. Qxe6 Rd8 34. f5 gxf5
35. exf5 d5 36. Qxb6 d4 37. Qxd8 1-0

[Event "Euro Online U2300 Day 1"]
[Site "chess.com INT"]
[Date "2020.05.25"]
[Round "6"]
[White "Fernandez Madrid, Carlos"]
[Black "Klimkowski, Jan"]
[Result "0-1"]
[WhiteTitle "CM"]
[WhiteElo "2118"]
[BlackElo "2193"]
[WhiteFideId "2206030"]
[BlackFideId "21856222"]
[EventDate "2020.05.25"]

1. d4 Nf6 2. Nf3 g6 3. g3 Bg7 4. Bg2 O-O 5. O-O d6 6. c4 Nc6 7. b3 Bg4 8. Nbd2
Nd7 9. Bb2 e5 10. dxe5 dxe5 11. Rb1 Re8 12. h3 Be6 13. Ne4 h6 14. Nc3 Nb6 15. e4
Nd4 16. Nxd4 exd4 17. Nd5 c5 18. f4 Rc8 19. Kh2 f5 20. Nxb6 Qxb6 21. e5 Red8 22.
Qd3 Rc7 23. Rbe1 Qa6 24. a4 Qa5 25. Ba3 Rcd7 26. Bf3 a6 27. Bc1 b5 28. axb5 axb5
29. cxb5 Qb4 30. Bc6 Ra7 31. b6 Qxb6 32. Qf3 Qxb3 33. Qxb3 Bxb3 34. e6 Bf6 35.
Rf3 Bd5 36. Bxd5 Rxd5 37. Rb3 Be7 38. Rb8+ Rd8 39. Rb6 c4 40. Rd1 d3 41. Bb2 Ra2
42. Kh1 Rxb2 43. Rxb2 c3 44. Rb7 c2 45. Rbb1 d2 46. Ra1 cxd1=Q+ 47. Rxd1 Kg7 48.
Kg2 Kf6 49. Kf3 Kxe6 50. Ke3 Kf6 51. Rxd2 Bc5+ 52. Ke2 Rxd2+ 53. Kxd2 h5 54. Ke2
Ke6 55. Kf3 Kd5 56. g4 Kd4 57. Kg3 Be7 58. Kf3 Kd3 59. gxf5 gxf5 60. Kf2 Ke4 61.
Kg3 Ke3 62. Kg2 Kxf4 63. Kf2 Bc5+ 64. Kg2 Ke3 65. Kg3 f4+ 66. Kh4 f3 67. Kxh5 f2
68. Kg6 f1=Q 69. h4 Qg2+ 70. Kh5 Bd4 71. Kh6 Qg8 72. h5 Qg7# 0-1

[Event "Euro Online U2300 Day 1"]
[Site "chess.com INT"]
[Date "2020.05.25"]
[Round "6"]
[White "Stabulnieks, Klavs"]
[Black "Peycheva, Gergana"]
[Result "0-1"]
[BlackTitle "FM"]
[WhiteElo "2204"]
[BlackElo "2255"]
[WhiteFideId "11603984"]
[BlackFideId "2916711"]
[EventDate "2020.05.25"]

1. d4 Nf6 2. c4 e6 3. Nc3 Bb4 4. f3 d6 5. e4 Nc6 6. Be3 e5 7. Ne2 exd4 8. Nxd4
Bxc3+ 9. bxc3 Ne5 10. Be2 O-O 11. O-O Re8 12. h3 b6 13. Bg5 h6 14. Bh4 Ng6 15.
Bf2 Nh5 16. Qd2 Nhf4 17. Kh2 Qf6 18. Nb5 Re7 19. Rad1 Bxh3 20. Rg1 Be6 21. g3
Nxe2 22. Qxe2 Ne5 23. f4 Bg4 24. fxe5 Qg6 25. Qxg4 Qxg4 26. exd6 cxd6 27. Nxd6
Re5 28. Kg2 Rd8 29. Rd4 Rxd6 30. Rxd6 Qxe4+ 31. Kf1 Qe2+ 32. Kg2 Rf5 33. Rf1
Qf3+ 0-1

[Event "Euro Online U2300 Day 1"]
[Site "chess.com INT"]
[Date "2020.05.25"]
[Round "6"]
[White "Mekhane, Adam"]
[Black "Abozenko, Georg"]
[Result "0-1"]
[WhiteElo "2013"]
[BlackElo "2058"]
[WhiteFideId "36050601"]
[BlackFideId "4500210"]
[EventDate "2020.05.25"]

1. e4 d5 2. exd5 Nf6 3. Nc3 Nxd5 4. Bc4 Nxc3 5. Qf3 e6 6. Qxc3 Qf6 7. Qxf6 gxf6
8. Nf3 b6 9. Bb5+ c6 10. Bd3 Bb7 11. b3 c5 12. Bb2 Rg8 13. Bxf6 Rxg2 14. Ne5 a6
15. Bxh7 Bg7 16. Nc4 Bxf6 17. O-O-O Bf3 18. Rdg1 Nd7 19. Rxg2 Bxg2 20. Rg1 Bf3
21. Nxb6 Nxb6 0-1

[Event "Euro Online U2300 Day 1"]
[Site "chess.com INT"]
[Date "2020.05.25"]
[Round "6"]
[White "Skreno, Vladimir"]
[Black "Lymar, Vladislav"]
[Result "1/2-1/2"]
[WhiteElo "2119"]
[BlackElo "2159"]
[WhiteFideId "14902893"]
[BlackFideId "14162180"]
[EventDate "2020.05.25"]

1. d4 Nf6 2. Nf3 g6 3. c4 c5 4. Nc3 Bg7 5. e4 cxd4 6. Nxd4 Nc6 7. Be3 O-O 8. Be2
d6 9. O-O Be6 10. Rc1 Rc8 11. b3 a6 12. Nc2 Qa5 13. Nd4 Nd7 14. Nxe6 fxe6 15.
Qd2 Nc5 16. Bg4 Ne5 17. Bh3 Ned3 18. Bxe6+ Kh8 19. Bxc8 Nxc1 20. Rxc1 Rxc8 21.
f3 b5 22. Nd5 Qxd2 23. Bxd2 Nd3 24. Rc2 e6 25. Nf4 Bd4+ 26. Kf1 Nxf4 27. Bxf4 d5
28. exd5 bxc4 29. dxe6 c3 30. Ke2 Re8 31. Kd3 Bf6 32. Re2 Kg7 33. Be5 Rxe6 34.
Bxf6+ Rxf6 35. Kxc3 Kf7 36. b4 h5 37. Re4 g5 38. h4 gxh4 39. Rxh4 Rg6 40. g4
hxg4 41. Rxg4 Rf6 42. f4 Ke6 43. Rh4 Kd5 44. a4 Ke4 45. Kc4 Rc6+ 46. Kb3 Rc1 47.
Rh6 Rb1+ 48. Kc4 Rc1+ 49. Kb3 Rb1+ 50. Ka3 Ra1+ 51. Kb3 Rb1+ 1/2-1/2

[Event "Euro Online U2300 Day 1"]
[Site "chess.com INT"]
[Date "2020.05.25"]
[Round "6"]
[White "Kacharava, Nikolozi"]
[Black "Krallis, Christos"]
[Result "1-0"]
[WhiteTitle "IM"]
[WhiteElo "2437"]
[BlackElo "2284"]
[WhiteFideId "13611860"]
[BlackFideId "4298896"]
[EventDate "2020.05.25"]

1. e4 e5 2. Nf3 Nc6 3. Bc4 Nf6 4. d3 Bc5 5. O-O a6 6. c3 Ba7 7. Bg5 d6 8. a4 h6
9. Bh4 g5 10. Bg3 Bg4 11. h3 Bh5 12. Na3 g4 13. hxg4 Bxg4 14. Bh4 Rg8 15. Qb3
Qd7 16. Ne1 Bh3 17. Nac2 Rxg2+ 18. Nxg2 Qg4 19. Ne1 Ke7 20. Qd1 Qg7 21. Qf3 Bxg2
22. Nxg2 Rg8 23. Kh1 b5 24. axb5 axb5 1-0

[Event "Euro Online U2300 Day 1"]
[Site "chess.com INT"]
[Date "2020.05.25"]
[Round "6"]
[White "Zeman, Matyas"]
[Black "Ogloblin, Nikolay"]
[Result "0-1"]
[BlackTitle "IM"]
[WhiteElo "2278"]
[BlackElo "2346"]
[WhiteFideId "364398"]
[BlackFideId "4139658"]
[EventDate "2020.05.25"]

1. d4 Nf6 2. Nc3 d5 3. Bf4 c6 4. e3 Qb6 5. Rb1 Bf5 6. Nf3 e6 7. Bd3 Bg6 8. h3
Nbd7 9. O-O Be7 10. Re1 O-O 11. Ne5 Bxd3 12. cxd3 Rfe8 13. b4 Nf8 14. b5 Qa5 15.
bxc6 bxc6 16. Qc2 Rec8 17. Rb7 Bb4 18. Rb1 Bxc3 19. Nxf7 Ng6 20. Bh2 c5 21. Nd6
Rd8 22. R1b5 Qa6 23. Qxc3 Rxd6 24. Rb8+ Rd8 25. dxc5 Raxb8 26. Rxb8 Rxb8 27.
Bxb8 Qb7 28. Bg3 Qc6 29. Qa5 Nd7 30. Bd6 a6 31. h4 Kf7 32. h5 Ne7 33. Qd8 Nf5
34. Qh8 Nxd6 35. cxd6 Qxd6 36. Qxh7 Qe5 37. Qg6+ Ke7 38. d4 Qf6 39. Qd3 Qf5 40.
Qxa6 Qxh5 41. Qa3+ Kf7 42. Qb3 Qe2 43. f3 Qa6 44. Kf2 Nb6 45. g4 Nc4 46. Kg3 Qa7
47. Kf4 Qc7+ 48. Kg5 Qe7+ 49. Kf4 Kg6 50. Qd3+ Kf7 51. Qb3 g5+ 52. Kg3 Qc7+ 53.
Kg2 Kg7 54. Kh3 Kf6 55. Kg2 Qa7 56. Kf2 Qa5 57. Qc2 Qa3 58. Qe2 Qc3 59. Qe1 Qb2+
60. Qe2 Qa1 61. Kg2 Ke7 62. Kf2 Kd7 63. Qc2 Ke7 64. a4 Qa3 65. Qe2 Qxa4 66. Qd3
Qa2+ 67. Kg3 Kd6 68. e4 Qa1 69. exd5 Qg1+ 70. Kh3 Ne3 71. Qa6+ Kxd5 72. Qa5+
Kxd4 73. Qd8+ Kc3 74. Qf6+ Kd3 75. Qg6+ Ke2 76. Qxg5 Qg2+ 0-1

[Event "Euro Online U2300 Day 1"]
[Site "chess.com INT"]
[Date "2020.05.25"]
[Round "6"]
[White "Mkrtchyan, Mariam"]
[Black "Hechl, Gerald"]
[Result "0-1"]
[WhiteTitle "WFM"]
[BlackTitle "FM"]
[WhiteElo "2071"]
[BlackElo "2333"]
[WhiteFideId "13310828"]
[BlackFideId "1605674"]
[EventDate "2020.05.25"]

1. d4 d5 2. Nf3 Bg4 3. Ne5 Bf5 4. c4 f6 5. Nf3 c6 6. cxd5 cxd5 7. Nc3 e6 8. Bf4
Nc6 9. e3 g5 10. Bg3 h5 11. h4 g4 12. Ng1 Bd6 13. Bxd6 Qxd6 14. Bd3 Nge7 15.
Nge2 Bxd3 16. Qxd3 Nf5 17. g3 a6 18. Nf4 Kf7 19. O-O b5 20. Ncxd5 Rad8 21. Nc3
Ne5 22. Qe4 Nf3+ 23. Kh1 Nd2 24. Qg2 Nxf1 25. Rxf1 Rc8 26. Ne4 Qc6 27. Nd3 Rhd8
28. Rc1 Qa8 29. Ndc5 Qd5 30. b3 a5 31. Kg1 Kg6 32. Qf1 e5 33. dxe5 Qxe5 34. Qxb5
Rd5 35. a4 Qxe4 36. Nxe4 Rxc1+ 37. Kg2 Rxb5 38. axb5 Rc8 39. b6 Rb8 0-1

[Event "Euro Online U2300 Day 1"]
[Site "chess.com INT"]
[Date "2020.05.25"]
[Round "6"]
[White "Moran, Stephen"]
[Black "Jakubauskas, Zygimantas"]
[Result "0-1"]
[WhiteElo "2195"]
[BlackElo "2032"]
[WhiteFideId "2501872"]
[BlackFideId "12801046"]
[EventDate "2020.05.25"]

1. d4 Nf6 2. Bg5 c5 3. d5 Qb6 4. Nc3 Qxb2 5. Bd2 Qb6 6. e4 d6 7. f4 g6 8. e5
Nfd7 9. Nf3 Bg7 10. Rb1 Qd8 11. e6 Nf6 12. Bb5+ Kf8 13. Ng5 fxe6 14. dxe6 Qc7
15. O-O a6 16. Bc4 b5 17. Nd5 Qb7 18. Nxf6 Bxf6 19. Nf7 Rg8 20. f5 Qe4 21. Bh6+
Ke8 22. Bd5 Bd4+ 23. Kh1 Qxd5 24. Qg4 Bb7 25. Rbd1 Qe4 26. Rf4 Qxc2 27. f6 Bxg2+
28. Qxg2 Qxd1+ 29. Rf1 Qd3 30. Nxd6+ Kd8 31. fxe7+ Kxe7 32. Qb7+ Kxd6 33. Bf4+
Kxe6 34. Re1+ Kf5 35. Qf7+ Kg4 36. Qe6+ Qf5 37. Qe2+ Kxf4 38. Rf1+ Kg5 39. Rxf5+
Kxf5 40. Qf3+ Kg5 41. Qd5+ Kh6 42. Qxg8 Bg7 43. Qc8 a5 44. Qb7 Ra6 45. Qxb8 b4
46. Qf4+ g5 47. Qf3 c4 48. Qh3+ Kg6 0-1

[Event "Euro Online U2300 Day 1"]
[Site "chess.com INT"]
[Date "2020.05.25"]
[Round "6"]
[White "Fajdetic, Hrvoje"]
[Black "Kopylov, Artem"]
[Result "1-0"]
[WhiteTitle "CM"]
[WhiteElo "2151"]
[BlackElo "2107"]
[WhiteFideId "14501945"]
[BlackFideId "44139365"]
[EventDate "2020.05.25"]

1. d4 d5 2. Bf4 Nf6 3. e3 c5 4. Nc3 cxd4 5. exd4 Bg4 6. f3 Bf5 7. Nb5 Na6 8. c3
e6 9. g4 Bg6 10. h4 h5 11. g5 Nd7 12. Bd3 Bxd3 13. Qxd3 Qb6 14. a4 Be7 15. Ne2
g6 16. O-O O-O 17. Kg2 Rfd8 18. Ng3 Qc6 19. b3 Nb6 20. Rfe1 Nc8 21. Re2 Nd6 22.
Rae1 Nc7 23. Nxc7 Qxc7 24. Rxe6 fxe6 25. Qxg6+ Kf8 26. Qh6+ Ke8 27. Qxe6 b6 28.
Nxh5 Kf8 29. g6 Bxh4 30. Bh6+ 1-0

[Event "Euro Online U2300 Day 1"]
[Site "chess.com INT"]
[Date "2020.05.25"]
[Round "6"]
[White "Karasik, Mikhail"]
[Black "Nilsson, Joakim 2000"]
[Result "1-0"]
[BlackTitle "FM"]
[WhiteElo "2167"]
[BlackElo "2215"]
[WhiteFideId "4154541"]
[BlackFideId "1723383"]
[EventDate "2020.05.25"]

1. e4 c6 2. d4 d5 3. Nc3 dxe4 4. Nxe4 Nf6 5. Ng3 h5 6. h4 Bg4 7. Be2 e6 8. Bg5
Bxe2 9. N1xe2 Nbd7 10. Nf4 Qb6 11. Ngxh5 Nxh5 12. Nxh5 Qxb2 13. O-O f6 14. Be3
O-O-O 15. g3 e5 16. Rb1 Qa3 17. Qg4 Kb8 18. dxe5 Nxe5 19. Bf4 Bd6 20. Bxe5 Bxe5
21. Nf4 g5 22. hxg5 Rdg8 23. Qd7 b6 24. Rb3 Qa5 25. Nd3 Rxg5 26. Nxe5 Qxe5 27.
Qxc6 Qd4 28. Rfb1 Rgh5 29. Rxb6+ axb6 30. Rxb6+ Qxb6 31. Qxb6+ Kc8 32. Qc6+ Kb8
33. Qxf6 Rh2 34. a4 R2h5 35. a5 R8h6 36. Qd8+ Ka7 37. f4 Rh3 38. Kf2 Rh2+ 39.
Kf3 Ka6 40. f5 Rc6 41. Qd3+ Kxa5 42. c3 Rhh6 43. Kf4 Rhd6 44. Qc2 Rc4+ 45. Kg5
Rdc6 46. g4 Rxc3 47. Qd2 Kb6 48. f6 R6c5+ 49. Kg6 R3c4 50. g5 Kc7 51. Qh2+ Kd7
52. Qh3+ Ke8 53. Qe3+ Kd8 54. Qe7+ Kc8 55. f7 Rc7 56. f8=Q+ Kb7 57. Qxc7+ Rxc7
58. Kh6 Rc6+ 59. g6 Rc4 60. g7 Rh4+ 61. Kg5 Rc4 62. g8=Q Rc7 63. Qb4+ 1-0

[Event "Euro Online U2300 Day 1"]
[Site "chess.com INT"]
[Date "2020.05.25"]
[Round "6"]
[White "Novikova, Galina"]
[Black "Hartikainen, Jarmo"]
[Result "1-0"]
[WhiteTitle "WFM"]
[BlackTitle "CM"]
[WhiteElo "2073"]
[BlackElo "2149"]
[WhiteFideId "4157095"]
[BlackFideId "503134"]
[EventDate "2020.05.25"]

1. e4 c5 2. Nf3 Nc6 3. d4 cxd4 4. Nxd4 Nf6 5. Nc3 d6 6. h3 e5 7. Nde2 h6 8. g4
Be6 9. Bg2 Be7 10. Be3 a6 11. Ng3 O-O 12. Qd2 Kh7 13. Nf5 Bxf5 14. exf5 Nb4 15.
a3 d5 16. axb4 d4 17. Bxb7 Bxb4 18. O-O a5 19. Bxa8 Qxa8 20. Bxd4 Rd8 21. Qe2
exd4 22. Na4 Nd5 23. Qe4 Qb8 24. Qxd4 Nf4 25. Qe4 Re8 26. Qf3 Qe5 27. Kh1 Bd6
28. Nc3 Ne2 29. Qg2 Nf4 30. Qh2 Qf6 31. Rad1 Bb8 32. f3 Qh4 33. Ne4 Nxh3 34. Nd6
Bxd6 35. Rxd6 Re2 36. Qxe2 Qg3 37. Qg2 Qxd6 38. Qxh3 1-0